Quiz o Kaczorze Donaldzie - Statystyki

Ogólne statystyki
  • Ten quiz został rozwiązany 21 razy
    13 od ostatniego zresetowania
  • Średni wynik to 5 z 12
Statystyki odpowiedzi
Hint Odpowiedź % Poprawnych
Podaj imię jednego z siostrzeńców Donalda Hyzio
88%
Jak nazywa się miasto w którym mieszka Kaczor Donald Kaczogród
88%
Jak Nazywa się bogaty wujek donalda Sknerus
88%
Jak nazywa się największa Polska seria o Kaczorze Donaldzie pod względem ilości wydanych tomów Gigant poleca
50%
W którym roku wydano pierwszy tom z tej serii 2001
38%
Giedy Donald miał 100 urodzin 2024
38%
Po ile stron mają komiksy z tej serii 254
38%
W jakim roku ukazał się ten Komiks 1934
25%
Jakie wydawnictwo obecnie wydaje komiksy o Kaczorze Donaldzie w Polsce Egmont
25%
Jak nazywała się matka Donalda Hortensja McKwacz
25%
Jak nazywał się pierwszy tom z tej serii Jazda bezTrzymanki
13%
Jak nazywał się komiks gdzie poraz pierwszy pojawił się Kaczor Donald Mądra Kurka
13%
Nie znaleziono quizów pasujących do podanych kryteriów
Rozkład punktacji
Procent ludzi z każdym wynikiem
Percentyl według liczby udzielonych odpowiedzi
Twoja historia wyników
Nie rozwiązałeś tego quizu od ostatniego zresetowania